| 000 | 00746nam a2200265Ia 4500 | ||
|---|---|---|---|
| 003 | OSt | ||
| 005 | 20220926013935.0 | ||
| 006 | a|||||r|||| 00| 0 | ||
| 007 | ta | ||
| 008 | 220923b |||||||| |||| 00| 0 eng d | ||
| 020 | _a0471800023 | ||
| 037 | _cGeneral Book | ||
| 040 |
_aRTL _cRTL _beng |
||
| 041 |
_2eng _aeng |
||
| 082 | _aX:7, L8 | ||
| 100 |
_aSmith Shea _9126182 |
||
| 245 | 0 | _aStrategies in business | |
| 260 |
_aNew York _bJohn Wiley USA _c1978 |
||
| 300 |
_aix, 235p. _ccm. |
||
| 490 | _aSeries or systems and controls for financial management | ||
| 650 | _aInternational Value | ||
| 700 |
_a Walsh John E _9126183 |
||
| 942 |
_hX:7, L8 _cGB _2CC |
||
| 999 |
_c627217 _d627217 |
||